| 000 | 00500cam a22001817a 4500 | ||
|---|---|---|---|
| 001 | 0000004331 | ||
| 005 | 20170406115736.0 | ||
| 008 | 861121s1768 enk 000 0 eng | ||
| 010 | _a 86881091 | ||
| 035 | _9(DLC) 86881091 | ||
| 040 |
_aDLC _cDLC _dDLC |
||
| 050 | 0 | 0 |
_aAC901 _b.H3 vol. 32, no. 5 |
| 245 | 0 | 0 | _aThings as they are. |
| 260 |
_aLondon : _bPrinted for W. Bingley ..., _c1768. |
||
| 300 |
_a26 p. ; _c23 cm. |
||
| 510 | 4 |
_aNUC pre-1956, _cNT0156012 |
|
| 908 | _a140910 | ||
| 999 |
_c4164 _d4164 |
||